000 00451cam a2200193ua 4500
001 4141
005 20260515113806.0
008 111219n ii |||gr||||Z||||||asm
040 _cMAIN
082 _a891.4513
100 1 _aBaruah, Bina,
245 1 1 _aAghuni bai
_cby Bina Baruah
250 _a2nd.
260 _aNalbari:
_bJournal emporium,995.
300 _a48p:
_c23cm.
653 _aAssamese short stories
653 _aAghuni bai
942 _cBK
999 _c3960
_d3960